1965 1427 1509 1622 1609 1603 1304 1966 1934 1118 1549 1553 1750 1586 1780 1780 1897 1288 1561 1953 1929 1938 1903 1743 1626 1959 1301 1592 1453 1398 1661 1977 1386 1963 1175 1117 1471 1337 1958 1208 1940 1759 1678 1292 1529 1364 1870 1748 1606 1203 1625 1885 1375 1469 1301 1917 1845 1482 1025 1654 1465 1744 1358 1590 1202 1745 1112 1924 1850 1821 1069 1392 1411 1436 1649 1990 1106 1447 1225 1428 1829 1254 1802 1429 1570 1803 1986 1554 1068 1833 1079 1831 1556 1651 1314 1209 1252 1085 1642 BCNSPRNW ULIB Ver.6.0+V

เปลี่ยนเป็นภาษาไทย

Change to English
 แสดงรายละเอียดบรรณานุกรม
  กลับหน้าหลัก

Brief Record : Get Marc (ISO 2709) : E-mail record : QR code < ปิดหน้าต่าง
LEADER : 00000nam 2200000uu 4500
001    13399112853
003     ULIB
008    110914s2552||||th 000 0 tha d
020    9786115000227
090    นว.^bณ429ร
100 0  ณารา
245 00 รอยฝันตะวันเดือด/^cณารา
250    พิมพ์ครั้งที่ 4
260    กรุงเทพฯ :^bพิมพ์คำ,^c2552
300    480 หน้า
710 1  พิมพ์คำ
945    ^p290^l0^i16998
995    กัณชพร
999    ^aใช้งานได้ทุกระบบ
รายการนี้ยังไม่มีแท็ก
คุณยังไม่ได้ล็อกอิน คุณสามารถมีกิจกรรมร่วมกับเว็บไซต์ได้ แต่ต้องล็อกอินก่อน ::
  ล็อกอิน

รายการสื่อสารสนเทศ

ลำดับที่ ประเภท เลขเรียก/บาร์โค้ด สถานที่ สถานะ
1. นวนิยาย
นวนิยาย
นว. ณ429ร  
  Barcode: 16998
ห้องสมุดวิทยาเขตสวรรค์ประชารักษ์
►นวนิยาย
บนชั้น
  ขอยืม

รายการใกล้เคียง
    ผู้แต่ง [ณารา]

BibComment


ยังไม่เคยถูกคอมเมนท์

คอมเมนท์ทรัพยากรรายการนี้
  คอมเมนท์: รอยฝันตะวันเดือด ..


 Copyright 2026. Bcnsprnw @Library